Hiragana Training - Statistiken

Allgemein
  • Dieses Quiz wurde 204 mal gespielt
  • Das Durchschnittsergebnis liegt bei 37 aus 46
Antwortstatistiken
Hiragana Aussprache % Korrekt
a
98%
i
98%
u
97%
e
93%
ka
93%
o
92%
ko
91%
ku
90%
shi
90%
su
87%
ke
86%
ki
86%
sa
86%
no
84%
se
84%
ta
84%
te
84%
so
83%
n
82%
tsu
82%
hi
81%
na
81%
ni
81%
to
81%
ma
80%
ha
79%
nu
79%
fu
78%
ne
78%
yu
78%
chi
77%
he
77%
ho
76%
mi
76%
mo
76%
mu
76%
ri
75%
ru
75%
ya
75%
yo
75%
ra
74%
me
73%
ro
71%
wa
71%
re
69%
wo
63%
Keine übereinstimmenden Quizze gefunden
Verteilung der Resultate
Anzahl Personen mit jedem Resultat
Perzentil nach korrekt beantworteten Fragen
Ihre Resultats-Entwicklung
Sie haben dieses Quiz noch nicht gespielt